000 00566nam a2200181Ia 4500
008 151018s9999 xx 000 0 und d
082 _bRBASDV17443
_a891.463
100 _aवसंत शिरवाडकर
245 _aअवकाशाचा शोध
250 _b1
260 _bपृथ्वी
_c1984
300 _a62
600 _aवसंत शिरवाडकर
630 _aअवकाशाचा शोध
700 _aवसंत शिरवाडकर
730 _aअवकाशाचा शोध
942 _cBOOK
999 _c1018121
_d1018118